00720nam a22001817a 4500003000900000008004100009040007100050082002500121100002600146245003900172260004500211300004500256505018500301650001500486650001300501650001100514650001300525AR-CdUCM190307b ||||| |||| 00| 0 spa d aMUNICIPALIDAD PROVINCIAL DEL CUSCOcBIBLIOTECA MUNICIPAL DEL CUSCO 22ed.a332.71 /bSA17 aSalaverry Llosa, Jose aFinanciamiento Integral del Agro / aLima :bUniversidad del Pacifico,c1986. a109 paginas ;bMapas, tablas, graficos,  aContenido: Aspectos conceptuales y teoricos -- Recursos Financieros -- Desarrollo agricola -- politicas y programas de desarrollo agricola -- Acción de la banca de desarrollo... aFinanciero aRecursos aPerú aSiglo XX